| 000 | 01589cam a2200373 a 4500 | ||
|---|---|---|---|
| 001 | 16308965 | ||
| 003 | OSt | ||
| 005 | 20170105102900.0 | ||
| 008 | 100629s2011 enka b 001 0 eng | ||
| 010 | _a 2010027393 | ||
| 020 | _a9780415493642 (hardcover) | ||
| 020 | _a0415493641 (hardcover) | ||
| 020 | _a9780203834503 (ebook) | ||
| 020 | _a020383450X (ebook) | ||
| 035 | _a(OCoLC)ocn696318126 | ||
| 040 |
_aDLC _cDLC _dYDX _dYDXCP _dBWX _dDLC |
||
| 042 | _apcc | ||
| 050 | 0 | 0 |
_aHD9698.A2 _bF56 2011 |
| 082 | 0 | 0 |
_a363.11 _222 _bFIN 2011 |
| 100 | 1 |
_aFindlay, Trevor, _d1951- |
|
| 245 | 1 | 0 |
_aNuclear energy and global governance : _bensuring safety, security and non-proliferation / _cTrevor Findlay. |
| 260 |
_aLondon ; _aNew York : _bRoutledge, _c2011. |
||
| 300 |
_axviii, 259 p. : _bill. ; _c24 cm. |
||
| 490 | 1 |
_aRoutledge global security studies ; _v21 |
|
| 504 | _aIncludes bibliographical references and index. | ||
| 505 | 0 | _aAssessing a nuclear energy revival : the drivers -- Assessing a nuclear energy revival : the constraints -- Assessing the likelihood of a revival -- The current status of global nuclear governance : nuclear security and non-proliferation -- Implications of the nuclear revival for global governance. | |
| 650 | 0 |
_aNuclear energy _xSecurity measures. |
|
| 650 | 0 | _aNuclear industry. | |
| 650 | 0 | _aNuclear nonproliferation. | |
| 830 | 0 |
_aRoutledge global security studies ; _v21. |
|
| 906 |
_a7 _bcbc _corignew _d1 _eecip _f20 _gy-gencatlg |
||
| 942 |
_2ddc _cBK |
||
| 999 |
_c14608 _d14608 |
||